[Event "Alberta-ch U20 op"]
[Site "Edmonton"]
[Date "2014.11.22"]
[Round "3.1"]
[White "Chitrakar, Siddhartha"]
[Black "Tolentino, Andre Angelo"]
[Result "1/2-1/2"]
[WhiteElo "1403"]
[BlackElo "1625"]
[PlyCount "45"]
[EventDate "2014.11.23"]
[EventType "swiss"]
[EventRounds "5"]
[EventCountry "CAN"]
[SourceTitle "EXT 2022"]
[Source "ChessBase"]
[SourceDate "2021.10.06"]
[SourceVersion "1"]
[SourceVersionDate "2021.10.06"]
[SourceQuality "1"]

1. d4 Nf6 2. c4 g6 3. Nc3 Bg7 4. Nf3 0-0 5. Bf4 d6 6. e3 Nbd7 7. Bd3 Re8 8. Bg3 e5 9. dxe5 Nxe5 10. Nxe5 dxe5 11. 0-0 c6 12. Bc2 Be6 13. Bb3 Bf5 14. Rc1 Qe7 15. h3 Rad8 16. Qf3 Rd2 17. e4 Red8 18. Qe3 R8d3 19. Qe1 Bc8 20. Rc2 Rxc2 21. Bxc2 Rd8 22. Qe3 a6 23. Rd1 1/2-1/2